KOHA-Header-6

Product Management (Record no. 2056)

000 -LEADER
fixed length control field 00309nam a2200133Ia 4500
008 - FIXED-LENGTH DATA ELEMENTS--GENERAL INFORMATION
fixed length control field 190723s9999 xx 000 0 und d
020 ## - INTERNATIONAL STANDARD BOOK NUMBER
International Standard Book Number 0-07-060348-0
100 ## - MAIN ENTRY--PERSONAL NAME
Personal name Donald R.Lehman
245 #0 - TITLE STATEMENT
Title Product Management
250 ## - EDITION STATEMENT
Edition statement 4th
260 ## - PUBLICATION, DISTRIBUTION, ETC. (IMPRINT)
Place of publication, distribution, etc India
Name of publisher, distributor, etc McGraw Hill
Date of publication, distribution, etc 2005
300 ## - PHYSICAL DESCRIPTION
Extent 494:P
942 ## - ADDED ENTRY ELEMENTS (KOHA)
Koha item type Books
Holdings
Withdrawn status Lost status Damaged status Not for loan Collection code Permanent Location Current Location Shelving location Date acquired Total Checkouts Full call number Barcode Date last seen Date checked out Price effective from Koha item type
        Management MAJU MAJU   2019-07-23 1 658.56 8679 2020-09-29 2020-02-20 2019-07-23 Management

Powered by Koha